[Event "Kiel op"]
[Site "Kiel"]
[Date "2025.07.01"]
[Round "2"]
[White "Dovhan, Artem"]
[Black "Weihrauch, Jakob"]
[Result "1-0"]
[WhiteElo "2137"]
[BlackElo "2291"]
[PlyCount "103"]
[EventDate "2025.06.30"]
[EventType "swiss"]
[EventRounds "9"]
[EventCountry "GER"]
[SourceTitle "CB28_2025"]
[SourceDate "2025.07.09"]
[SourceVersion "1"]
[SourceVersionDate "2025.07.09"]
[SourceQuality "1"]

1. e4 c5 2. d4 cxd4 3. Qxd4 Nc6 4. Qd3 g6 5. Nf3 d6 6. Be2 Bg7 7. 0-0 Nf6 8. Nc3 0-0 9. Nd5 Nxd5 10. exd5 Ne5 11. Nxe5 Bxe5 12. c3 Bf5 13. Qb5 Qc7 14. Be3 Bd7 15. Qd3 Qa5 16. h4 Qa4 17. g3 Rac8 18. h5 b5 19. h6 b4 20. b3 Qa3 21. c4 Bxa1 22. Rxa1 Qa5 23. Qd2 Qa3 24. Bd3 f6 25. Re1 Kf7 26. Bd4 Qa5 27. f3 Rce8 28. Re2 Kg8 29. Qe1 Kf7 30. Be4 Qc7 31. Qxb4 e5 32. dxe6+ Bxe6 33. Qc3 Qd8 34. g4 Kg8 35. Bc6 Re7 36. Re3 Bf7 37. Rxe7 Qxe7 38. Bxf6 Qe2 39. Be7 Qe5 40. Qxe5 dxe5 41. Bxf8 Kxf8 42. Kf2 Ke7 43. Ke3 Kf6 44. Ke4 a5 45. a3 g5 46. Bd7 Bg8 47. Bf5 a4 48. bxa4 Bxc4 49. Bxh7 Bb3 50. Kd3 Bxa4 51. Be4 Bb5+ 52. Kc3 1-0

[Event "Munich Whitsun op-A 3rd"]
[Site "Munich"]
[Date "2025.06.10"]
[Round "5"]
[White "Weihrauch, Jakob"]
[Black "Sriansh, Das"]
[Result "1-0"]
[WhiteElo "2291"]
[BlackElo "2340"]
[PlyCount "75"]
[EventDate "2025.06.08"]
[EventType "swiss"]
[EventRounds "9"]
[EventCountry "GER"]
[SourceTitle "CB26_2025"]
[SourceDate "2025.06.25"]
[SourceVersion "1"]
[SourceVersionDate "2025.06.25"]
[SourceQuality "1"]

1. e4 e5 2. Nf3 Nc6 3. Bb5 a6 4. Ba4 d6 5. c4 Bg4 6. h3 Bxf3 7. Qxf3 Nf6 8. Nc3 Nd7 9. Ne2 g6 10. d3 Bg7 11. h4 Nc5 12. Bxc6+ bxc6 13. Bg5 Qd7 14. h5 f5 15. h6 Bf8 16. exf5 gxf5 17. Ng3 Rg8 18. Nh5 Rxg5 19. Nf6+ Kd8 20. Nxd7 Kxd7 21. Rh5 Nxd3+ 22. Kf1 e4 23. Qh3 Nf4 24. Rxg5 Nxh3 25. gxh3 Re8 26. Rxf5 Bxh6 27. Ke2 Bg7 28. Rg1 Re7 29. b4 Bc3 30. a3 Be5 31. Rg4 Ke6 32. Rh5 d5 33. Rgg5 Bf6 34. cxd5+ cxd5 35. Rxd5 c6 36. Ra5 Ra7 37. Rh6 Ra8 38. Rxh7 1-0

[Event "Munich Whitsun op-A 3rd"]
[Site "Munich"]
[Date "2025.06.08"]
[Round "2"]
[White "Safarli, Eltaj"]
[Black "Weihrauch, Jakob"]
[Result "1-0"]
[WhiteElo "2620"]
[BlackElo "2291"]
[PlyCount "99"]
[EventDate "2025.06.08"]
[EventType "swiss"]
[EventRounds "9"]
[EventCountry "GER"]
[SourceTitle "CB26_2025"]
[SourceDate "2025.06.25"]
[SourceVersion "1"]
[SourceVersionDate "2025.06.25"]
[SourceQuality "1"]

1. e4 c5 2. Nf3 d6 3. Bc4 Nf6 4. d3 Nc6 5. 0-0 Bg4 6. h3 Bxf3 7. Qxf3 a6 8. a4 Ne5 9. Qe2 Nxc4 10. dxc4 g6 11. Rd1 Qc7 12. Nc3 Bg7 13. Bg5 0-0 14. Bxf6 Bxf6 15. Nd5 Qc6 16. Ra3 Rfe8 17. Rb3 Bg7 18. Rb6 Qc8 19. Qf3 Qd7 20. e5 Bxe5 21. Rxb7 Qxb7 22. Nf6+ Bxf6 23. Qxb7 Rab8 24. Qc6 Rec8 25. Qxa6 Ra8 26. Qb7 Rcb8 27. Qe4 Rxa4 28. b3 Ra2 29. g4 Rba8 30. Kg2 Ra1 31. Rxa1 Rxa1 32. Qe3 g5 33. Qe4 h6 34. c3 Bxc3 35. Qxe7 Be5 36. h4 gxh4 37. Qxh4 Kg7 38. g5 hxg5 39. Qxg5+ Kh7 40. f4 Bd4 41. Qd5 Kg7 42. b4 f5 43. b5 Ra2+ 44. Kf3 Ra3+ 45. Ke2 Ra2+ 46. Kd3 Ra3+ 47. Kc2 Rc3+ 48. Kd2 Kg6 49. b6 Rb3 50. b7 1-0

[Event "Titled Tuesday intern op 11th Feb Early"]
[Site "Chess.com INT"]
[Date "2025.02.11"]
[Round "4"]
[White "Karpenko, Anton"]
[Black "Weihrauch, Jakob"]
[Result "0-1"]
[WhiteElo "2207"]
[BlackElo "2256"]
[PlyCount "80"]
[EventDate "2025.02.11"]
[EventType "swiss (blitz)"]
[EventRounds "11"]
[EventCountry "USA"]
[SourceTitle "CB08_2025"]
[SourceDate "2025.02.19"]
[SourceVersion "1"]
[SourceVersionDate "2025.02.19"]
[SourceQuality "1"]

1. e4 c5 2. Nf3 d6 3. d4 cxd4 4. Nxd4 Nf6 5. Nc3 Nbd7 6. f3 Qc7 7. Be3 a6 8. Qd2 b5 9. g4 Nc5 10. g5 Nfd7 11. 0-0-0 e6 12. h4 b4 13. Nce2 Rb8 14. h5 Be7 15. Bg2 Ne5 16. Bf2 Ncd3+ 17. Qxd3 Nxd3+ 18. Rxd3 Bxg5+ 19. f4 Bh6 20. Kb1 Bb7 21. Rhd1 0-0 22. Nb3 Rbc8 23. R1d2 Rfd8 24. Be3 a5 25. Nbc1 Ba6 26. Rd4 e5 27. Rd5 Bc4 28. Bh3 Rb8 29. Nb3 Bxd5 30. Rxd5 exf4 31. Nxf4 a4 32. Nd4 Bxf4 33. Bxf4 Qe7 34. Bg2 Qh4 35. Bc1 Qg3 36. Bf1 a3 37. Nc6 axb2 38. Bxb2 Qe1+ 39. Bc1 Qxf1 40. Nxd8 Rxd8 0-1

[Event "Titled Tuesday intern op 11th Feb Early"]
[Site "Chess.com INT"]
[Date "2025.02.11"]
[Round "6"]
[White "Weihrauch, Jakob"]
[Black "Gasparyan, Davit"]
[Result "0-1"]
[WhiteElo "2256"]
[BlackElo "2203"]
[PlyCount "124"]
[EventDate "2025.02.11"]
[EventType "swiss (blitz)"]
[EventRounds "11"]
[EventCountry "USA"]
[SourceTitle "CB09_2025"]
[SourceDate "2025.02.27"]
[SourceVersion "1"]
[SourceVersionDate "2025.02.27"]
[SourceQuality "1"]

1. Nf3 Nf6 2. b3 c5 3. Bb2 Nc6 4. e3 g6 5. g3 Bg7 6. Bg2 0-0 7. 0-0 d5 8. d3 Qc7 9. Nbd2 Bf5 10. Re1 Rfd8 11. Qe2 Qd7 12. Qf1 Nb4 13. e4 dxe4 14. dxe4 Bg4 15. Qc4 Qc7 16. h3 Be6 17. Qc3 Nh5 18. e5 Nd5 19. Qd3 Ndf4 20. Qf1 Nxg2 21. Kxg2 Qd7 22. Kh2 h6 23. Rad1 Qc6 24. Qe2 a5 25. Qe3 g5 26. Ne4 Bd5 27. Rd3 a4 28. c4 Bxe4 29. Qxe4 Qxe4 30. Rxd8+ Rxd8 31. Rxe4 axb3 32. axb3 Rd3 33. Re3 Rxe3 34. fxe3 Bf8 35. Nd2 Ng7 36. Ne4 b6 37. Ba3 Nf5 38. Bc1 Bg7 39. g4 Nh4 40. Kg3 Bxe5+ 41. Kf2 f5 42. Ng3 fxg4 43. hxg4 e6 44. Ne4 Ng6 45. Bd2 Kf7 46. Bc3 Bxc3 47. Nxc3 Ne5 48. Na4 Nd7 49. Kf3 Kf6 50. Ke4 h5 51. gxh5 Kg7 52. Kf3 Kh6 53. Kg4 Nf6+ 54. Kf3 Nd7 55. Kg4 Ne5+ 56. Kg3 Nd3 57. Nxb6 Nc1 58. b4 cxb4 59. c5 b3 60. c6 b2 61. Nc4 b1Q 62. c7 Qb7 0-1

[Event "Titled Tuesday intern op 21st Jan Late"]
[Site "Chess.com INT"]
[Date "2025.01.21"]
[Round "4"]
[White "Botez, Alexandra"]
[Black "Weihrauch, Jakob"]
[Result "0-1"]
[WhiteElo "2044"]
[BlackElo "2267"]
[PlyCount "90"]
[EventDate "2025.01.21"]
[EventType "swiss (blitz)"]
[EventRounds "11"]
[EventCountry "USA"]
[SourceTitle "CB05_2025"]
[SourceDate "2025.01.29"]
[SourceVersion "1"]
[SourceVersionDate "2025.01.29"]
[SourceQuality "1"]

1. d4 Nf6 2. c4 e6 3. Nc3 Bb4 4. e3 0-0 5. Bd3 Re8 6. Nf3 b6 7. 0-0 Bb7 8. Qc2 d5 9. cxd5 exd5 10. a3 Bd6 11. b4 a6 12. Bb2 Nbd7 13. Rac1 Qe7 14. Rfe1 Ne4 15. Nd2 Bxh2+ 16. Kf1 Bd6 17. Nf3 c5 18. b5 c4 19. Bxe4 dxe4 20. Ng1 axb5 21. Nxb5 Ba6 22. a4 Bxb5 23. axb5 Ra2 24. Ra1 Rea8 25. Rxa2 Rxa2 26. Ra1 Rxa1+ 27. Bxa1 Qe6 28. Bc3 Qd5 29. Qa4 h5 30. Ne2 h4 31. Be1 Kh7 32. Nc3 Qe6 33. d5 Qf5 34. Qxc4 Nc5 35. Ke2 h3 36. gxh3 Qxh3 37. Kd1 Qf3+ 38. Qe2 Qf5 39. Kc2 Nd3 40. Kd1 Bb4 41. Kc2 Bxc3 42. Bxc3 Qxd5 43. f3 Qa2+ 44. Kd1 Qb1+ 45. Kd2 Qc1# 0-1

[Event "Titled Tuesday intern op 21st Jan Late"]
[Site "Chess.com INT"]
[Date "2025.01.21"]
[Round "7"]
[White "Weihrauch, Jakob"]
[Black "Bhatia, Kanishka"]
[Result "1-0"]
[WhiteElo "2267"]
[BlackElo "2018"]
[PlyCount "59"]
[EventDate "2025.01.21"]
[EventType "swiss (blitz)"]
[EventRounds "11"]
[EventCountry "USA"]
[SourceTitle "CB05_2025"]
[SourceDate "2025.01.29"]
[SourceVersion "1"]
[SourceVersionDate "2025.01.29"]
[SourceQuality "1"]

1. d4 e5 2. dxe5 d6 3. exd6 Bxd6 4. e4 Nc6 5. Nf3 Qe7 6. Bd3 Bg4 7. h3 Bh5 8. g4 Bg6 9. 0-0 0-0-0 10. Nc3 h5 11. g5 f6 12. Nh4 Bf7 13. Nf5 Qe5 14. f4 Bc5+ 15. Kg2 Qe6 16. Nxg7 Qd7 17. e5 fxe5 18. Bf5 Qxf5 19. Nxf5 Rxd1 20. Rxd1 Bg6 21. Nh4 Bxc2 22. Rd2 Bh7 23. g6 Be7 24. gxh7 Rxh7 25. Nf5 exf4 26. Nxe7+ Ngxe7 27. Rf2 Rg7+ 28. Kh2 Ng6 29. Bxf4 Rf7 30. Bg3 1-0

[Event "Titled Tuesday intern op 21st Jan Late"]
[Site "Chess.com INT"]
[Date "2025.01.21"]
[Round "8"]
[White "Weihrauch, Jakob"]
[Black "Perry, Patrick N"]
[Result "1-0"]
[WhiteElo "2267"]
[BlackElo "2296"]
[PlyCount "83"]
[EventDate "2025.01.21"]
[EventType "swiss (blitz)"]
[EventRounds "11"]
[EventCountry "USA"]
[SourceTitle "CB05_2025"]
[SourceDate "2025.01.29"]
[SourceVersion "1"]
[SourceVersionDate "2025.01.29"]
[SourceQuality "1"]

1. e4 c5 2. Nf3 e6 3. d4 cxd4 4. Nxd4 Nf6 5. Nc3 Bb4 6. Ndb5 d5 7. e5 Ne4 8. Qg4 g6 9. f3 Bxc3+ 10. bxc3 a6 11. fxe4 axb5 12. Bxb5+ Bd7 13. Bxd7+ Qxd7 14. exd5 Qxd5 15. 0-0 Qxe5 16. Bh6 Nd7 17. Rae1 Qc5+ 18. Be3 Qe7 19. Bh6 Ra5 20. Qf3 Ne5 21. Rxe5 Rxe5 22. Bg7 Rf5 23. Qg3 Rg8 24. Bd4 e5 25. Rxf5 exd4 26. Re5 dxc3 27. Rxe7+ Kxe7 28. Qc7+ Kf6 29. Qxc3+ Ke6 30. Qb3+ Kf6 31. Qxb7 Re8 32. Qf3+ Kg7 33. a4 Re1+ 34. Kf2 Rc1 35. Qc3+ f6 36. a5 Rb1 37. a6 Rb5 38. a7 Rf5+ 39. Ke1 Re5+ 40. Qxe5 fxe5 41. a8Q e4 42. Qxe4 1-0

[Event "Bayern-chI Bank Hofmann 27th"]
[Site "Gmund am Tegernsee"]
[Date "2024.10.28"]
[Round "3"]
[White "Weihrauch, Jakob"]
[Black "Jumabayev, Rinat"]
[Result "0-1"]
[WhiteElo "2260"]
[BlackElo "2577"]
[PlyCount "70"]
[EventDate "2024.10.26"]
[EventType "swiss"]
[EventRounds "9"]
[EventCountry "GER"]
[SourceTitle "CB45_2024"]
[Source "ChessBase"]
[SourceDate "2024.11.06"]
[SourceVersion "1"]
[SourceVersionDate "2024.11.06"]
[SourceQuality "1"]

1. e4 c5 2. Nf3 d6 3. d4 cxd4 4. Nxd4 Nf6 5. Nc3 a6 6. a3 e6 7. g4 h6 8. f4 e5 9. Nf5 h5 10. g5 Nxe4 11. Nxg7+ Bxg7 12. Nxe4 d5 13. Nc3 d4 14. Ne4 f5 15. gxf6 Bxf6 16. Qe2 Nc6 17. Bg2 Bg4 18. Bf3 d3 19. Qxd3 Bh4+ 20. Ng3 Qxd3 21. Bxc6+ bxc6 22. cxd3 0-0-0 23. fxe5 Rxd3 24. 0-0 Bxg3 25. hxg3 Rxg3+ 26. Kf2 h4 27. Bg5 Rh5 28. Bxh4 Rb3 29. Bg3 Bh3 30. Rg1 Rf5+ 31. Ke1 Rxb2 32. Rc1 Bg4 33. Rxc6+ Kb7 34. Rg6 Bh5 35. Rg7+ Kc6 0-1

[Event "Bayern-chI Bank Hofmann 27th"]
[Site "Gmund am Tegernsee"]
[Date "2024.10.26"]
[Round "1"]
[White "Weihrauch, Jakob"]
[Black "Beckers, Thomas"]
[Result "1-0"]
[WhiteElo "2260"]
[BlackElo "2032"]
[PlyCount "65"]
[EventDate "2024.10.26"]
[EventType "swiss"]
[EventRounds "9"]
[EventCountry "GER"]
[SourceTitle "CB45_2024"]
[Source "ChessBase"]
[SourceDate "2024.11.06"]
[SourceVersion "1"]
[SourceVersionDate "2024.11.06"]
[SourceQuality "1"]

1. e4 c5 2. Nf3 d6 3. d4 cxd4 4. Nxd4 Nf6 5. Nc3 a6 6. h3 e5 7. Nf3 Qc7 8. g4 h6 9. a4 Be6 10. Be3 Nc6 11. g5 hxg5 12. Nxg5 Nb4 13. Bg2 d5 14. exd5 Rd8 15. Nxe6 fxe6 16. d6 Rxd6 17. Qe2 Nfd5 18. 0-0 Nxc3 19. bxc3 Nd5 20. c4 Nc3 21. Qg4 Rc6 22. Bxc6+ Qxc6 23. Qg6+ Kd7 24. Qd3+ Kc8 25. Qxc3 Qf3 26. Bd2 Qf5 27. Qg3 Rxh3 28. Qg5 Qf3 29. Qg2 Qh5 30. Rfb1 Rh4 31. Qxb7+ Kd8 32. Qb8+ Ke7 33. Rb7+ 1-0

[Event "GER-chT Lands U20"]
[Site "Tuebingen"]
[Date "2024.10.05"]
[Round "6"]
[White "Weihrauch, Jakob"]
[Black "Butenandt, Svenja"]
[Result "1-0"]
[WhiteElo "2264"]
[BlackElo "2121"]
[PlyCount "171"]
[EventDate "2024.10.03"]
[EventType "team-swiss"]
[EventRounds "7"]
[EventCountry "GER"]
[SourceTitle "CB47_2024"]
[SourceDate "2024.11.20"]
[SourceVersion "1"]
[SourceVersionDate "2024.11.20"]
[SourceQuality "1"]

1. e4 c6 2. d4 d5 3. e5 Bf5 4. Nd2 e6 5. Nb3 a6 6. Nf3 c5 7. dxc5 Bxc5 8. Nxc5 Qa5+ 9. c3 Qxc5 10. Nd4 Ne7 11. Nxf5 Nxf5 12. Bd3 Ne7 13. 0-0 Nd7 14. Be3 Qc7 15. f4 g6 16. Rc1 Nc5 17. Bb1 b5 18. Qf3 Rc8 19. g4 h5 20. h3 Nd7 21. Kg2 Nc6 22. b3 Ne7 23. Bd4 Nc6 24. Be3 Ne7 25. Qf2 Qb7 26. Bd4 Nc6 27. f5 hxg4 28. fxg6 gxh3+ 29. Kh1 fxg6 30. Qf7+ Kd8 31. Qxe6 Ncxe5 32. Rce1 Re8 33. Qd6 Rc6 34. Qxd5 Rc7 35. Qxb7 Rxb7 36. Re3 Re7 37. Rxh3 Nc6 38. Be3 Re6 39. Bf4 Nf8 40. Bg5+ Ke8 41. Bh6 Nh7 42. Re3 Rbe7 43. Rfe1 Rxe3 44. Bxg6+ Kd7 45. Rxe3 Rxe3 46. Bxe3 Nf6 47. Kg2 Nd5 48. Bd2 b4 49. cxb4 Ncxb4 50. Bb1 Kd6 51. Kf3 Ke5 52. Bh6 Kd6 53. Bg7 Nc6 54. Ke4 Nb6 55. Bf8+ Ke6 56. Bd3 a5 57. Bc5 Na8 58. Bc4+ Kd7 59. Bb5 Nc7 60. Ba4 Na6 61. Kd5 Nc7+ 62. Kc4 Na8 63. Kb5 Kc7 64. Ka6 Nb4+ 65. Ka7 Nxa2 66. Kxa8 Nc3 67. Ka7 Kc8 68. Bb6 Ne4 69. Bxa5 Nc5 70. Bb6 Nxb3 71. Bxb3 Kd7 72. Kb7 Kd6 73. Bd4 Ke7 74. Be5 Ke8 75. Kc7 Ke7 76. Kc6 Kd8 77. Kd6 Kc8 78. Bd5 Kd8 79. Bf7 Kc8 80. Kc6 Kd8 81. Bf6+ Kc8 82. Be6+ Kb8 83. Kb6 Ka8 84. Bg7 Kb8 85. Be5+ Ka8 86. Bd5# 1-0

[Event "GER-chT Lands U20"]
[Site "Tuebingen"]
[Date "2024.10.03"]
[Round "1"]
[White "Weihrauch, Jakob"]
[Black "Ermitsch, Magnus"]
[Result "1/2-1/2"]
[WhiteElo "2264"]
[BlackElo "2396"]
[PlyCount "94"]
[EventDate "2024.10.03"]
[EventType "team-swiss"]
[EventRounds "7"]
[EventCountry "GER"]
[SourceTitle "CB47_2024"]
[SourceDate "2024.11.20"]
[SourceVersion "1"]
[SourceVersionDate "2024.11.20"]
[SourceQuality "1"]

1. e4 c5 2. Nf3 e6 3. d4 cxd4 4. Nxd4 Nc6 5. Nc3 Qc7 6. Be3 a6 7. g4 b5 8. Nxc6 Qxc6 9. Qd2 Bb7 10. f3 Ne7 11. 0-0-0 d5 12. exd5 Nxd5 13. Nxd5 Qxd5 14. Bd3 Be7 15. Be4 Qxd2+ 16. Rxd2 Bxe4 17. fxe4 h5 18. g5 Rc8 19. Rhd1 h4 20. Rd7 Rh5 21. g6 fxg6 22. Ra7 g5 23. Rxa6 g4 24. Rxe6 Kf7 25. Rb6 Rc4 26. Rf1+ Kg8 27. Re6 Bf6 28. b3 Rc8 29. Rg1 Bg5 30. Bxg5 Rxg5 31. Rd6 Rc3 32. Rd5 Rg6 33. Rxb5 g3 34. hxg3 Rcxg3 35. Rh1 Rg1+ 36. Rxg1 Rxg1+ 37. Kb2 g5 38. a4 h3 39. Rb8+ Kg7 40. Rb7+ Kg6 41. Rb6+ Kh7 42. Rb7+ Kg6 43. Rb6+ Kh7 44. Rb7+ Kh8 45. Rb8+ Kg7 46. Rb7+ Kg8 47. Rb8+ Kh7 1/2-1/2

[Event "Titled Tuesday intern op 24th Sep Late"]
[Site "Chess.com INT"]
[Date "2024.09.24"]
[Round "3"]
[White "Weihrauch, Jakob"]
[Black "Damjanovic, Vuk"]
[Result "0-1"]
[WhiteElo "2264"]
[BlackElo "2364"]
[PlyCount "76"]
[EventDate "2024.09.24"]
[EventType "swiss (blitz)"]
[EventRounds "11"]
[EventCountry "USA"]
[SourceTitle "EXT 2025"]
[Source "ChessBase"]
[SourceDate "2024.10.14"]
[SourceVersion "1"]
[SourceVersionDate "2024.10.14"]
[SourceQuality "1"]

1. e4 e5 2. Nf3 Nc6 3. Bb5 a6 4. Ba4 Nf6 5. 0-0 b5 6. Bb3 Bc5 7. c3 d6 8. a3 0-0 9. d4 Bb6 10. Be3 h6 11. h3 Bb7 12. Nbd2 Re8 13. d5 Ne7 14. Bxb6 cxb6 15. Bc2 Bc8 16. Qe2 Ng6 17. Rfe1 Nf4 18. Qf1 Bd7 19. Nh2 Qc8 20. Bd1 g5 21. Re3 Kh8 22. Bf3 Rg8 23. Qd1 h5 24. Be2 Rg7 25. Kh1 Qc7 26. Qc2 Rag8 27. Bf1 Qc8 28. Qd1 g4 29. h4 g3 30. fxg3 Rxg3 31. Rxg3 Rxg3 32. Ndf3 Nxe4 33. Qe1 Bf5 34. Ng5 Rxg5 35. hxg5 Qc5 36. b4 Nf2+ 37. Kg1 N2h3+ 38. Kh1 Qg1# 0-1

[Event "Titled Tuesday intern op 17th Sep Early"]
[Site "Chess,com INT"]
[Date "2024.09.17"]
[Round "3"]
[White "Kvaloy, Aksel Bu"]
[Black "Weihrauch, Jakob"]
[Result "1-0"]
[WhiteElo "2482"]
[BlackElo "2264"]
[PlyCount "77"]
[EventDate "2024.09.17"]
[EventType "swiss (blitz)"]
[EventRounds "11"]
[EventCountry "USA"]
[SourceTitle "EXT 2025"]
[Source "ChessBase"]
[SourceDate "2024.10.14"]
[SourceVersion "1"]
[SourceVersionDate "2024.10.14"]
[SourceQuality "1"]

1. d4 Nf6 2. c4 e6 3. g3 c5 4. d5 d6 5. Nc3 exd5 6. cxd5 g6 7. Bg2 Bg7 8. Nf3 0-0 9. 0-0 Re8 10. Bf4 a6 11. a4 Nbd7 12. Bxd6 Qb6 13. Bf4 Qxb2 14. Qc1 Qxc1 15. Rfxc1 Ne4 16. Nxe4 Rxe4 17. Ra2 Rb4 18. Nd2 Ne5 19. Rxc5 Bd7 20. a5 Bb5 21. d6 Nc6 22. e3 Rd8 23. h4 Bf8 24. Rd5 Na7 25. Ne4 Bc6 26. Nf6+ Kg7 27. Be5 Rb1+ 28. Kh2 Bxd5 29. Nxd5+ f6 30. Bxf6+ Kf7 31. Bxd8 Bxd6 32. Bb6 Nb5 33. Rd2 Ke6 34. Nf4+ Bxf4 35. exf4 Nc3 36. Bxb7 Kf5 37. Bc8+ Kf6 38. Bd4+ Kf7 39. Bxc3 1-0

[Event "Titled Tuesday intern op 10th Sep Late"]
[Site "Chess,com INT"]
[Date "2024.09.10"]
[Round "7"]
[White "Floresvillar Gonzalez, Luis Miguel"]
[Black "Weihrauch, Jakob"]
[Result "1/2-1/2"]
[WhiteElo "2021"]
[BlackElo "2264"]
[PlyCount "75"]
[EventDate "2024.09.10"]
[EventType "swiss (blitz)"]
[EventRounds "11"]
[EventCountry "USA"]
[SourceTitle "EXT 2025"]
[Source "ChessBase"]
[SourceDate "2024.10.14"]
[SourceVersion "1"]
[SourceVersionDate "2024.10.14"]
[SourceQuality "1"]

1. d4 Nf6 2. c3 g6 3. Bg5 Bg7 4. Nd2 d5 5. e3 0-0 6. Bd3 Nc6 7. f4 a5 8. Ngf3 b6 9. Qe2 a4 10. 0-0 Na5 11. Ne5 c5 12. Bb5 Nd7 13. Bxa4 Nxe5 14. fxe5 Nc4 15. Bc6 Ba6 16. Nxc4 Bxc4 17. Qf2 Rc8 18. Ba4 Bxf1 19. Rxf1 Ra8 20. b3 Ra5 21. Qe2 Qc7 22. Bb5 cxd4 23. cxd4 h6 24. Bf4 e6 25. a4 Raa8 26. Qf3 Rac8 27. Qh3 g5 28. Bg3 Qc3 29. Bf2 Qxb3 30. Qf3 Rc2 31. h4 Rfc8 32. hxg5 hxg5 33. Bh4 gxh4 34. Qxf7+ Kh7 35. Qh5+ Kg8 36. Qf7+ Kh7 37. Qh5+ Kg8 38. Qf7+ 1/2-1/2

[Event "Titled Tuesday intern op 10th Sep Late"]
[Site "Chess,com INT"]
[Date "2024.09.10"]
[Round "5"]
[White "Powell, Paul J"]
[Black "Weihrauch, Jakob"]
[Result "0-1"]
[WhiteElo "2270"]
[BlackElo "2264"]
[PlyCount "126"]
[EventDate "2024.09.10"]
[EventType "swiss (blitz)"]
[EventRounds "11"]
[EventCountry "USA"]
[SourceTitle "EXT 2025"]
[Source "ChessBase"]
[SourceDate "2024.10.14"]
[SourceVersion "1"]
[SourceVersionDate "2024.10.14"]
[SourceQuality "1"]

1. d4 b6 2. Bf4 Bb7 3. e3 e6 4. Nf3 Nf6 5. Be2 Be7 6. h3 0-0 7. 0-0 d6 8. c4 Nbd7 9. Nc3 Ne4 10. Rc1 Nxc3 11. Rxc3 Nf6 12. Nd2 Re8 13. Bf3 Qc8 14. Bxb7 Qxb7 15. Qf3 Qxf3 16. Nxf3 Ne4 17. Rc2 f5 18. Nd2 Nf6 19. a3 Rad8 20. b4 Bf8 21. Rfc1 e5 22. Bg5 Kf7 23. c5 dxc5 24. bxc5 bxc5 25. dxe5 Rxe5 26. Nf3 Red5 27. Bf4 Bd6 28. Bg5 h6 29. Bxf6 Kxf6 30. g3 Rd3 31. Ra1 Rb8 32. Kg2 Rbb3 33. a4 Rb4 34. Nd2 Be5 35. Raa2 Bc3 36. Nf3 c4 37. h4 g5 38. hxg5+ hxg5 39. a5 g4 40. Nh4 Rb1 41. f3 Rxe3 42. fxg4 fxg4 43. Rf2+ Ke6 44. Rae2 Rxe2 45. Rxe2+ Be5 46. Ng6 Rb2 47. Nf4+ Kd6 48. Rxb2 Bxb2 49. Kf2 c3 50. Nd3 c2 51. Ke2 c1Q 52. Nxc1 Bxc1 53. Kd3 Kd5 54. Ke2 Bh6 55. Kf2 Ke4 56. Kg2 Ke3 57. Kh2 Kf3 58. Kg1 Kxg3 59. Kh1 Kf3 60. Kg1 Be3+ 61. Kh1 g3 62. a6 g2+ 63. Kh2 g1Q+ 0-1

[Event "Titled Tuesday intern op 27th Aug Late"]
[Site "Chess.com INT"]
[Date "2024.08.27"]
[Round "4"]
[White "Tokat, Nehir"]
[Black "Weihrauch, Jakob"]
[Result "0-1"]
[WhiteElo "1892"]
[BlackElo "2264"]
[PlyCount "68"]
[EventDate "2024.08.27"]
[EventType "swiss (blitz)"]
[EventRounds "11"]
[EventCountry "USA"]
[SourceTitle "EXT 2025"]
[Source "ChessBase"]
[SourceDate "2024.10.14"]
[SourceVersion "1"]
[SourceVersionDate "2024.10.14"]
[SourceQuality "1"]

1. d4 Nf6 2. Bg5 g6 3. Bxf6 exf6 4. c4 Bg7 5. Nc3 Kf8 6. g3 h6 7. Bg2 Kg8 8. e3 Kh7 9. Nge2 d6 10. 0-0 Re8 11. b4 c6 12. Qb3 f5 13. a4 Nd7 14. b5 Qc7 15. Rfb1 a5 16. b6 Qd8 17. Rd1 Ra6 18. c5 dxc5 19. dxc5 Qe7 20. Nd4 Qxc5 21. Rac1 Rxb6 22. Qxf7 Qe7 23. Qc4 Ne5 24. Qe2 Rb4 25. Nc2 Rc4 26. Na3 Rxc3 27. Rxc3 Nf3+ 28. Bxf3 Bxc3 29. Qc4 Bg7 30. Nc2 Be6 31. Qe2 Qc5 32. Rb1 Bc4 33. Qe1 b6 34. Nd4 Bxd4 0-1

[Event "Titled Tuesday intern op 27th Aug Late"]
[Site "Chess.com INT"]
[Date "2024.08.27"]
[Round "3"]
[White "Weihrauch, Jakob"]
[Black "Osmonbekov, Talaibek D"]
[Result "0-1"]
[WhiteElo "2264"]
[BlackElo "2109"]
[PlyCount "62"]
[EventDate "2024.08.27"]
[EventType "swiss (blitz)"]
[EventRounds "11"]
[EventCountry "USA"]
[SourceTitle "EXT 2025"]
[Source "ChessBase"]
[SourceDate "2024.10.14"]
[SourceVersion "1"]
[SourceVersionDate "2024.10.14"]
[SourceQuality "1"]

1. d4 e6 2. e4 d5 3. Nc3 Nf6 4. e5 Nfd7 5. f4 c5 6. Nf3 Nc6 7. Be3 Be7 8. Qd2 a6 9. dxc5 Nxc5 10. 0-0-0 b5 11. Bd3 b4 12. Ne2 a5 13. Ned4 Nxd4 14. Nxd4 Qc7 15. Bb5+ Bd7 16. Bxd7+ Qxd7 17. f5 exf5 18. Ne2 0-0 19. Qxd5 Qxd5 20. Rxd5 Ne6 21. Rf1 g6 22. Rd7 Rfe8 23. Rfd1 Bc5 24. Bxc5 Nxc5 25. R7d5 Ne4 26. Nd4 a4 27. Nc6 b3 28. axb3 axb3 29. Kb1 bxc2+ 30. Kxc2 Rac8 31. Rd7 Rxc6+ 0-1

[Event "Titled Tuesday intern op 06th Aug Early"]
[Site "Chess.com INT"]
[Date "2024.08.06"]
[Round "11"]
[White "Smirnova, Polina A"]
[Black "Weihrauch, Jakob"]
[Result "1/2-1/2"]
[WhiteElo "1963"]
[BlackElo "2264"]
[PlyCount "128"]
[EventDate "2024.08.06"]
[EventType "swiss (blitz)"]
[EventRounds "11"]
[EventCountry "USA"]
[SourceTitle "EXT 2025"]
[Source "ChessBase"]
[SourceDate "2024.10.14"]
[SourceVersion "1"]
[SourceVersionDate "2024.10.14"]
[SourceQuality "1"]

1. d4 Nf6 2. c4 e6 3. Nf3 b6 4. g3 Bb7 5. Bg2 Be7 6. Nc3 0-0 7. 0-0 Ne4 8. Qc2 Nxc3 9. Qxc3 d6 10. Qc2 a5 11. e4 Nd7 12. Re1 Qe8 13. Bd2 e5 14. Bc3 Bf6 15. Rad1 Qe7 16. b3 Rfd8 17. Qb2 Re8 18. h4 g6 19. a3 Rad8 20. b4 axb4 21. axb4 Ba6 22. b5 Bb7 23. dxe5 Nxe5 24. Nxe5 Bxe5 25. Bxe5 Qxe5 26. Qxe5 Rxe5 27. Ra1 Ra8 28. Rxa8+ Bxa8 29. f3 Bb7 30. Ra1 Re8 31. Ra7 Rb8 32. Kf2 Kf8 33. Ke3 Ke7 34. Bh3 Kd8 35. Kd4 f6 36. Be6 Ke7 37. Bd5 Bxd5 38. exd5 Kd7 39. Ra3 Re8 40. Re3 Re5 41. f4 Rxe3 42. Kxe3 h5 43. Kf3 Ke7 44. Ke3 Kf7 45. Kf3 Kg7 46. Ke3 f5 47. Kd4 Kf6 48. Kd3 Ke7 49. Ke3 Kd7 50. Kf3 Kc8 51. Ke3 Kb7 52. Kd3 Ka7 53. Ke3 Kb7 54. Kd3 Kc8 55. Kd4 Kd8 56. Kd3 Ke8 57. Ke3 Kf8 58. Kd3 Kf7 59. Ke3 Kf6 60. Kd3 Kg7 61. Ke3 Kh6 62. Kd3 Kg7 63. Ke3 Kh6 64. Kd3 Kg7 1/2-1/2

[Event "Titled Tuesday intern op 06th Aug Early"]
[Site "Chess.com INT"]
[Date "2024.08.06"]
[Round "10"]
[White "Weihrauch, Jakob"]
[Black "Denis, Laurent"]
[Result "1-0"]
[WhiteElo "2264"]
[BlackElo "2238"]
[PlyCount "47"]
[EventDate "2024.08.06"]
[EventType "swiss (blitz)"]
[EventRounds "11"]
[EventCountry "USA"]
[SourceTitle "EXT 2025"]
[Source "ChessBase"]
[SourceDate "2024.10.14"]
[SourceVersion "1"]
[SourceVersionDate "2024.10.14"]
[SourceQuality "1"]

1. Nf3 d5 2. g3 e6 3. Bg2 Nf6 4. 0-0 Be7 5. b3 0-0 6. Bb2 c5 7. d3 Nc6 8. Nbd2 b6 9. e4 d4 10. a4 e5 11. Nc4 Qc7 12. Nh4 g6 13. f4 exf4 14. gxf4 Nxe4 15. Nxg6 fxg6 16. Bxe4 Bh3 17. Qf3 Bxf1 18. Bxc6 Rxf4 19. Qd5+ Kg7 20. Bxa8 Rg4+ 21. Kxf1 Qxh2 22. Qe5+ Qxe5 23. Nxe5 h5 24. Nxg4 1-0